El Cine amateur en Cataluña /
Descripción Física:
Il·lustracions
Colección:
San Jorge,
; núm. 17 (gener 1955), pàg 78-80
Materias:
Cinema amateur -- Catalunya
Idioma:
Español
MARC
| LEADER | 00000naa a2200000 a 4500 | ||
|---|---|---|---|
| 003 | Arxiu | ||
| 005 | 20260324181034.0 | ||
| 008 | 160829s1955 spc xx s spa c | ||
| 040 | |a AGDB | ||
| 100 | 1 | |a Gasch, Sebastià, |d 1897-1980 |9 33891 | |
| 245 | 1 | 3 | |a El Cine amateur en Cataluña / |c Sebastián Gash |
| 300 | |b Il·lustracions | ||
| 490 | |a San Jorge, |v núm. 17 (gener 1955), pàg 78-80 | ||
| 650 | 0 | |a Cinema amateur |9 29765 |z Catalunya | |
| 773 | |g Núm. 17 (gener 1955), pàg 78-80 |t San Jorge. | ||
| 901 | |a Arxiu | ||
| 942 | |n 1 |2 udc |c ART | ||
| 952 | |0 0 |1 0 |4 0 |6 REV510 |7 1 |9 65120 |a Arxiu |b Arxiu |d 2023-01-25 |l 0 |o Rev-510 |r 2023-01-25 00:00:00 |w 2023-01-25 |y ARXIU |z També disponible a Rev-524 | ||
| 999 | |c 48137 |d 48137 | ||